000 00293nam a22001337a 4500
008 181102b xxu||||| |||| 00| 0 eng d
020 _a9781563635908
041 _aeng
080 _a616.8-006
100 _a6
101 _aKAN
245 _aColorectal Cancer
_cBenson, A.B
942 _2udc
_cBK
999 _c51615
_d51615